000 00636nam a22002057a 4500
003 OSt
005 20250719033020.0
008 250719b |||||||| |||| 00| 0 eng d
020 _a9710847708
040 _aDWCL-Main lib
_cOC
082 _aCirc. 526.9 L31h 1990
100 _aLaputt, Juny P.
245 _a Higher surveying/
_cJuny P. Laputt
250 _a2nd edition.
260 _aBaguio City, Philippines :
_b Baguio Research & Publishing Center,
_cc1990
300 _a 511 pages :
_billustrations ;
_c 22 cm.
504 _aIncludes bibliography
650 _a1. Surveying.
942 _2ddc
_cBK-CIRC
_e 2nd edition.
_kCirc.
_n0
999 _c3787
_d3787